Responsabilidad social de la empresa privada : ¿utopía o realidad? /

Detalles Bibliográficos
Autor principal: Deliyanis, Vasili
Formato: Analitica de revista
Lenguaje:español

MARC

LEADER 00000cab a2200000 a 4500
001 049347
003 UAHC_CL
005 20170803125431.0
008 040428b xx j 000 1 spa
040 |a UAHC_CL  |c UAHC_CL  |d UAHC_CL 
100 1 |a Deliyanis, Vasili 
245 1 0 |a Responsabilidad social de la empresa privada :  |b ¿utopía o realidad? /  |c por Vasili Deliyanis. 
300 |a p. 23 
500 |a Palabras claves: Sida -- Empresa privada -- Responsabilidad social 
900 |a VIVOPOSITIVO-09/03 
942 |c REVA 
952 |0 0  |1 0  |4 0  |6 VIVOPOSITIVO_09_03_000000000000000  |7 0  |8 General  |9 88250  |a BC  |b BC  |c General  |d 2017-08-03  |l 0  |o VIVOPOSITIVO-09/03  |p FICTICIO8152  |r 2019-01-08 00:00:00  |t 1  |w 2017-08-03  |y REVA 
999 |c 49347  |d 49347